00543nam a2200181Ia 4500008004100000020001800041050001400059245003500073260001400108260003300122260000900155300001500164300002500179300001000204440002500214999001900239952010300258180207s9999 xx 000 0 und d a9780755477243 bA489 2008 aAmazing animals of the world / aEngland : bRobert Frederick Publishers, c2008 a41 pages : bcolor illustration ; c29cm. aWonders of learning. c355404d355404 001040aSSISMbSSISMd2018-02-07l0oER A489 2008pSSISM4949r2018-02-07 00:00:00w2018-02-07yBK